[Event "Jundiai op"]
[Site "Jundiai"]
[Date "2023.04.16"]
[Round "5"]
[White "Reis, Arnaldo Ulisses"]
[Black "Souza, Pedro Henrique Dos"]
[Result "1-0"]
[WhiteElo "1731"]
[BlackElo "1800"]
[PlyCount "121"]
[EventDate "2023.04.14"]
[EventType "swiss"]
[EventRounds "5"]
[EventCountry "BRA"]
[SourceTitle "CBM 213 Extra"]
[Source "ChessBase"]
[SourceDate "2023.05.31"]
[SourceVersion "1"]
[SourceVersionDate "2023.05.31"]
[SourceQuality "1"]

1. d4 d5 2. Nf3 Nf6 3. Bf4 Nc6 4. e3 Bg4 5. c3 e6 6. Nbd2 Be7 7. h3 Bh5 8. Qa4 0-0 9. Bd3 Bg6 10. Bxg6 hxg6 11. Qc2 Bd6 12. Bg5 Re8 13. 0-0-0 Na5 14. h4 c5 15. h5 cxd4 16. exd4 gxh5 17. Rxh5 Qc7 18. Bxf6 gxf6 19. Rdh1 f5 20. Rh8+ Kg7 21. R1h7+ Kf6 22. Rh6+ Ke7 23. R8h7 Bf4 24. Rh3 Nc4 25. Kb1 Rac8 26. g3 Bxd2 27. Nxd2 Qb6 28. Nxc4 Rxc4 29. Qd2 Rg8 30. R3h4 a5 31. Ka1 a4 32. a3 Qb5 33. Rh1 Rcc8 34. Qd1 Rcf8 35. Re1 Qc6 36. Qh5 f4 37. Qh4+ Ke8 38. Qxf4 b5 39. Rh6 Kd7 40. Rf6 Ke7 41. Rh6 Qd6 42. Qh4+ Kd7 43. f4 Qe7 44. Qh3 Kd8 45. f5 Qg5 46. Qh4 Qxh4 47. gxh4 Rg2 48. fxe6 fxe6 49. Rhxe6 Rff2 50. Rb1 Kc7 51. h5 Rh2 52. h6 Re2 53. Rg6 Reg2 54. Rxg2 Rxg2 55. Rh1 Rg8 56. h7 Rh8 57. Rh5 Kd6 58. Kb1 Ke6 59. Kc2 Kd6 60. b3 axb3+ 61. Kxb3 1-0

[Event "Jundiai op"]
[Site "Jundiai"]
[Date "2023.04.15"]
[Round "2"]
[White "Souza, Pedro Henrique Dos"]
[Black "Gongora, Valmir"]
[Result "1-0"]
[WhiteElo "1800"]
[BlackElo "1269"]
[PlyCount "103"]
[EventDate "2023.04.14"]
[EventType "swiss"]
[EventRounds "5"]
[EventCountry "BRA"]
[SourceTitle "CBM 213 Extra"]
[Source "ChessBase"]
[SourceDate "2023.05.31"]
[SourceVersion "1"]
[SourceVersionDate "2023.05.31"]
[SourceQuality "1"]

1. e4 c5 2. Nf3 d6 3. Be2 Nc6 4. 0-0 Nf6 5. Nc3 e6 6. Re1 Be7 7. d4 cxd4 8. Nxd4 0-0 9. Be3 Bd7 10. Qd2 Rc8 11. Rad1 Nxd4 12. Qxd4 a6 13. Bg5 e5 14. Qd3 h6 15. Bxf6 Bxf6 16. Qxd6 Bc6 17. Qc5 Qe8 18. Qe3 Bg5 19. Qf3 Kh8 20. Qf5 g6 21. Qg4 f5 22. exf5 gxf5 23. Qb4 Qg6 24. Qd6 Bf6 25. f3 Rg8 26. g4 e4 27. fxe4 fxe4 28. Qf4 Rcf8 29. Qe3 h5 30. h3 Rd8 31. Rxd8 Rxd8 32. Rd1 Rg8 33. Rd6 Bg5 34. Qd4+ Qg7 35. Qxg7+ Rxg7 36. Kf1 Bh4 37. Rh6+ Kg8 38. Bc4+ Kf8 39. Rxh5 Bd8 40. Rf5+ Ke8 41. Re5+ Re7 42. Rxe7+ Kxe7 43. Bd5 Bxd5 44. Nxd5+ Kf7 45. Ke2 Bg5 46. Ne3 Ke6 47. Nf5 Bc1 48. b3 Bg5 49. h4 Bf4 50. Ng7+ Kf7 51. Nh5 Bc1 52. Ng3 1-0

[Event "Jundiai op"]
[Site "Jundiai"]
[Date "2023.04.14"]
[Round "1"]
[White "Ricci, Lucas Estremes"]
[Black "Souza, Pedro Henrique Dos"]
[Result "1-0"]
[WhiteElo "1511"]
[BlackElo "1800"]
[PlyCount "69"]
[EventDate "2023.04.14"]
[EventType "swiss"]
[EventRounds "5"]
[EventCountry "BRA"]
[SourceTitle "CBM 213 Extra"]
[Source "ChessBase"]
[SourceDate "2023.05.31"]
[SourceVersion "1"]
[SourceVersionDate "2023.05.31"]
[SourceQuality "1"]

1. d4 d5 2. c4 c6 3. Nf3 Nf6 4. g3 e6 5. Bg2 Be7 6. 0-0 dxc4 7. Ne5 0-0 8. Nxc4 Nbd7 9. Nc3 Re8 10. e4 Bf8 11. Bg5 h6 12. Bf4 Nb6 13. Ne5 Bd6 14. Nxf7 Kxf7 15. Bxd6 Nc4 16. Bf4 Nxb2 17. Qe2 Qb6 18. Rab1 Qxd4 19. Qxb2 e5 20. Rfd1 Qc5 21. Be3 Qe7 22. Rd2 Kg6 23. Rbd1 Be6 24. h3 Kh7 25. Kh2 Kg8 26. f4 exf4 27. Bxf4 g5 28. Bd6 Qh7 29. e5 Nh5 30. Ne4 g4 31. h4 Kh8 32. Rf2 Rg8 33. Nf6 Nxf6 34. exf6 Qf7 35. Qd2 1-0